Com estàs? - Emocions en català - Statistics

General Stats
  • This quiz has been taken 9 times
  • The average score is 16 of 18
Answer Stats
Question Answer % Correct
100%
Content
100%
Cansat
100%
Avorrit
100%
Enamorat
100%
Malalt
100%
Trist
89%
Sorprès
89%
Orgullós
89%
Agraït
89%
Preocupat
89%
Malament
78%
Enfadat
78%
Divertit
78%
Meravellat
78%
Espantat
78%
Alleugerit
78%
Feliç
67%
No matching quizzes found
Score Distribution
Percent of People with Each Score
Percentile by Number Answered
Your Score History
You have not taken this quiz